LEADER 01949nam 2200373 450 001 9910734350503321 005 20230815151227.0 035 $a(CKB)5470000002907804 035 $a(NjHacI)995470000002907804 035 $a(EXLCZ)995470000002907804 100 $a20230815d2023 uy 0 101 0 $aeng 135 $aur||||||||||| 181 $ctxt$2rdacontent 182 $cc$2rdamedia 183 $acr$2rdacarrier 200 00$aComparative Pathology and Immunohistochemistry of Veterinary Species /$fedited by Alejandro Sua?rez-Bonnet, Gustavo A Rami?rez Rivero 210 1$a[Place of publication not identified] :$cMDPI - Multidisciplinary Digital Publishing Institute,$d2023. 215 $a1 online resource (154 pages) 311 $a3-0365-7995-8 330 $aComparative pathology, translational research, and clinical trials involving domestic animals have the ultimate goal of advancing our medical knowledge of both human and veterinary species. Companion, laboratory (from mouse to non-human primates), and wildlife animals play a pivotal role in our understanding of infectious diseases-particularly those with a zoonotic component. This reprint focuses on fundamental and applied research on the comparative pathology and immunohistochemistry of veterinary species. A total of 11 high-quality papers addressing different areas of pathology have been contributed by 62 authors from seven countries, comprising 9 research articles and 2 communications. 606 $aImmunohistochemistry 606 $aPathology, Comparative 615 0$aImmunohistochemistry. 615 0$aPathology, Comparative. 676 $a636.089607 702 $aSua?rez-Bonnet$b Alejandro 702 $aRami?rez Rivero$b Gustavo A. 801 0$bNjHacI 801 1$bNjHacl 906 $aBOOK 912 $a9910734350503321 996 $aComparative Pathology and Immunohistochemistry of Veterinary Species$93400885 997 $aUNINA LEADER 02493nam 22005654a 450 001 9910782143003321 005 20230823175012.0 010 $a0-8173-8190-2 035 $a(CKB)1000000000537496 035 $a(EBL)438124 035 $a(OCoLC)320324526 035 $a(SSID)ssj0000105294 035 $a(PQKBManifestationID)11128589 035 $a(PQKBTitleCode)TC0000105294 035 $a(PQKBWorkID)10101528 035 $a(PQKB)11619379 035 $a(MdBmJHUP)muse8616 035 $a(Au-PeEL)EBL438124 035 $a(CaPaEBR)ebr10237154 035 $a(MiAaPQ)EBC438124 035 $a(EXLCZ)991000000000537496 100 $a20020403h20022002 uy 0 101 0 $aeng 135 $aur|n|---||||| 181 $ctxt$2rdacontent 182 $cc$2rdamedia 183 $acr$2rdacarrier 200 10$aArchitectural body /$fMadeline Gins and Arakawa 210 1$aTuscaloosa :$cUniversity of Alabama Press,$d2002. 210 4$a©2002 215 $a1 online resource (xxii, 102 pages) 225 1 $aModern and contemporary poetics 311 0 $a0-8173-1168-8 311 0 $a0-8173-1169-6 320 $aIncludes bibliographical references. 327 $aContents; Preface; Introduction; 1. Organism That Persons; 2. Landing Sites; 3. Architecture as Hypothesis; 4. Architectural Surround; 5. Procedural Architecture; 6. Notes for an Architectural Body; 7. Two Architectural Procedures; 8. Critical Holder; 9. Daily Research; About the Authors 330 $aThis manifesto is a verbal articulation of the authors' visionary theory of how the human body, architecture, and creativity define and sustain one another. This revolutionary work by artist-architects Arakawa and Madeline Gins demonstrates the inter-connectedness of innovative architectural design, the poetic process, and philosophical inquiry. Together, they have created an experimental and widely admired body of work--museum installations, landscape and park commissions, home and office designs, avant-garde films, poetry collections--that challenges traditional notions 410 0$aModern and contemporary poetics. 606 $aArchitecture$xPhilosophy 615 0$aArchitecture$xPhilosophy. 676 $a720/.1 700 $aGins$b Madeline$01572042 701 $aArakawa$b Shu?saku$f1936-2010.$01572043 801 0$bMiAaPQ 801 1$bMiAaPQ 801 2$bMiAaPQ 906 $aBOOK 912 $a9910782143003321 996 $aArchitectural body$93846649 997 $aUNINA LEADER 02001nas 2200421 n 450 001 990008895910403321 005 20240229084340.0 011 $a0151-1734 035 $a000889591 035 $aFED01000889591 035 $a(Aleph)000889591FED01 035 $a000889591 091 $2CNR$aP 00017133 100 $a20161109b19121919km-y0itaa50------ba 101 0 $afre 102 $aFR 110 $aauu-------- 200 1 $aAnnales du service des épiphyties 207 1$a1912-1919 210 $aParis$cL'homme 440 0$1001000889549$12001$aAnnales des épiphyties 530 0 $aAnnales du service des épiphyties 675 $a632 675 $a581 676 $a581 801 0$aIT$bACNP$c20090723 859 4 $uhttp://acnp.cib.unibo.it/cgi-ser/start/it/cnr/dc-p1.tcl?catno=9636&person=false&language=ITALIANO&libr=&libr_th=unina1$zBiblioteche che possiedono il periodico 901 $aSE 912 $a990008895910403321 958 $aBiblioteca Dipartimento di Arboricoltura, Botanica e Patologia Vegetale-Sez. Patologia vegetale-Università Federico II di Napoli$b1912-1919.$fDAGPV 958 $aBiblioteca del Dipartimento di Entomologia e Zoologia Agraria dell'Università degli Studi di Napoli Federico II$b1912-1918;$fDAGEN 959 $aDAGPV 959 $aDAGEN 996 $aAnnales du service des épiphyties$9801396 997 $aUNINA AP1 8 $6866-01$aNA086 Biblioteca Dipartimento di Arboricoltura, Botanica e Patologia Vegetale-Sez. Patologia vegetale-Università Federico II di Napoli$ev. Università,100, 80055 Portici (NA)$m08125.39322$nit AP1 8 $6866-02$aNA219 Biblioteca del Dipartimento di Entomologia e Zoologia Agraria dell'Università degli Studi di Napoli Federico II$eVia Università, 100, 80055 Portici (NA)$m0812539188$m0817755145$nit AP2 40$aacnp.cib.unibo.it$nACNP Italian Union Catalogue of Serials$uhttp://acnp.cib.unibo.it/cgi-ser/start/it/cnr/df-p.tcl?catno=9636&language=ITALIANO&libr=&person=&B=1&libr_th=unina&proposto=NO